000 00273nam a22001217a 4500
008 181217b xxu||||| |||| 00| 0 eng d
041 _aeng
080 _a541
100 _a12
101 _aKIM
245 _aQuantum Mechaqnics In Chemistry
_cHanna.m.w
942 _2udc
_cBK
999 _c53143
_d53143